000 00456nam a2200169 a 4500
001 2081
005 20180713182104.0
008 140415s1971 000 0 spa d
041 _aspa
082 _a305
_bWHY
100 1 _aWHYTE, WILLIAM FOOTE
245 1 3 _aLA SOCIEDAD DE LAS ESQUINAS
260 _a[s.l.] :
_bED. DIANA,
_c1971
300 _a428
650 1 4 _aDELINCUENCIA JUVENIL
_xPROBLEMAS SOCIALES
700 1 _aCARDENAS, RENE
_etr.
999 _c2081
_d2081